Online katalóg knižníc regiónu Turca

Pravda o soli (Record no. 20349)

MARC details
000 -LEADER
fixed length control field 01689nam a2200529 a 4500
001 - CONTROL NUMBER
control field 20349
003 - CONTROL NUMBER IDENTIFIER
control field VRT
005 - DATE AND TIME OF LATEST TRANSACTION
control field 20260121133001.0
008 - FIXED-LENGTH DATA ELEMENTS--GENERAL INFORMATION
fixed length control field 180105s2017 xr 011 0 cze d
020 ## - INTERNATIONAL STANDARD BOOK NUMBER
International Standard Book Number 9788075652355 (brož.)
039 #9 - LEVEL OF BIBLIOGRAPHIC CONTROL AND CODING DETAIL [OBSOLETE]
Level of rules in bibliographic description 201801261338
Level of effort used to assign nonsubject heading access points msvkpo26
Level of effort used to assign subject headings 201801051334
Level of effort used to assign classification VLOAD
Level of effort used to assign subject headings 201712150704
Level of effort used to assign classification mskpk07
040 ## - CATALOGING SOURCE
Original cataloging agency SVKPO
Language of cataloging slo
Transcribing agency SVKPO
Description conventions AACR2
041 1# - LANGUAGE CODE
Language code of text/sound track or separate title cze
Language code of original eng
044 ## - COUNTRY OF PUBLISHING/PRODUCING ENTITY CODE
MARC country code xr
ISO country code CZ
072 #7 - SUBJECT CATEGORY CODE
Subject category code 613
Subject category code subdivision Hygiena. Ľudské zdravie
Source konspekt
080 ## - UNIVERSAL DECIMAL CLASSIFICATION NUMBER
Universal Decimal Classification number 664.41
Edition identifier 2011
080 ## - UNIVERSAL DECIMAL CLASSIFICATION NUMBER
Universal Decimal Classification number 641.881
Edition identifier 2001
080 ## - UNIVERSAL DECIMAL CLASSIFICATION NUMBER
Universal Decimal Classification number 614
Edition identifier 2011
080 ## - UNIVERSAL DECIMAL CLASSIFICATION NUMBER
Universal Decimal Classification number 614.31
Edition identifier 2011
080 ## - UNIVERSAL DECIMAL CLASSIFICATION NUMBER
Universal Decimal Classification number 613.2
Edition identifier 2011
080 ## - UNIVERSAL DECIMAL CLASSIFICATION NUMBER
Universal Decimal Classification number 664.4
Edition identifier 2011
080 ## - UNIVERSAL DECIMAL CLASSIFICATION NUMBER
Universal Decimal Classification number 612.392.6
Edition identifier 2011
080 ## - UNIVERSAL DECIMAL CLASSIFICATION NUMBER
Universal Decimal Classification number 392.81
Edition identifier 2011
080 ## - UNIVERSAL DECIMAL CLASSIFICATION NUMBER
Universal Decimal Classification number (0.062)
Edition identifier 2011
080 ## - UNIVERSAL DECIMAL CLASSIFICATION NUMBER
Universal Decimal Classification number 612.39
Edition identifier 2011
100 1# - MAIN ENTRY--PERSONAL NAME
Personal name DiNicolantonio, James
240 14 - UNIFORM TITLE
Uniform title The salt fix
Language of a work Česky
245 10 - TITLE STATEMENT
Title Pravda o soli
Remainder of title lži odborníků o látce, bez které nemůžeme žít
Statement of responsibility, etc. James DiNicolantonio ; [z anglického originálu ... přeložil Jan Kozák]
250 ## - EDITION STATEMENT
Edition statement Vydání první
260 ## - PUBLICATION, DISTRIBUTION, ETC.
Place of publication, distribution, etc. Brno
Name of publisher, distributor, etc. Jota
Date of publication, distribution, etc. 2017
300 ## - PHYSICAL DESCRIPTION
Extent 286 s.
Dimensions 21 cm
490 1# - SERIES STATEMENT
Series statement Populárně naučná
504 ## - BIBLIOGRAPHY, ETC. NOTE
Bibliography, etc. note Bibliografické odkazy; register
650 07 - SUBJECT ADDED ENTRY--TOPICAL TERM
Topical term or geographic name entry element jedlá soľ
General subdivision zdravotné aspekty
Source of heading or term SNKPH
650 07 - SUBJECT ADDED ENTRY--TOPICAL TERM
Topical term or geographic name entry element kuchynská soľ
General subdivision zdravotné aspekty
Source of heading or term SNKPH
650 07 - SUBJECT ADDED ENTRY--TOPICAL TERM
Topical term or geographic name entry element analýza potravín
Source of heading or term SNKPH
650 07 - SUBJECT ADDED ENTRY--TOPICAL TERM
Topical term or geographic name entry element hygiena výživy
Source of heading or term SNKPH
650 07 - SUBJECT ADDED ENTRY--TOPICAL TERM
Topical term or geographic name entry element stravovacie návyky
Source of heading or term SNKPH
650 07 - SUBJECT ADDED ENTRY--TOPICAL TERM
Topical term or geographic name entry element zdravá výživa
Source of heading or term SNKPH
655 #7 - INDEX TERM--GENRE/FORM
Genre/form data or focus term populárno-náučné publikácie
Source of term SNKPH
700 1# - ADDED ENTRY--PERSONAL NAME
Personal name Kozák, Jan,
Dates associated with a name 1984-
Relationship trl
830 #0 - SERIES ADDED ENTRY--UNIFORM TITLE
Uniform title Populárně naučná
910 ## - USER-OPTION DATA (OCLC)
User-option data svkpo
910 ## - USER-OPTION DATA (OCLC)
User-option data skpk
942 ## - ADDED ENTRY ELEMENTS (KOHA)
Source of classification or shelving scheme Dewey Decimal Classification
Koha item type Odborná literatúra pre deti
Suppress in OPAC No
949 ## - LOCAL PROCESSING INFORMATION (OCLC)
6 273K0617784
a svkpoA 235159
b svkpo615062
Holdings
Stav vyradenia Strata Poškodenie Spôsob nadobudnutia Domovská knižnica Aktuálna knižnica Dátum nadobudnutia Total checkouts Čiarový kód exemplára Date last seen Typ exemplára
      Dar Obecná knižnica Horná Štubňa Obecná knižnica Horná Štubňa 21.01.2026   9788075652355 21.01.2026 Odborná literatúra pre dospelých
Projekt je podporený Slovenskou asociáciou knižníc
Prevádzkuje Turčianska knižnica Martin 2026